LEADER 01612nam a2200337 u 4500 001 000000115800 003 CaOOAMICUS 005 20090522145708.0 008 090522s2007 dcu u000 u eng r 020 $a1-56518-233-2 020 $z978-1-56518-233-2* 040 $aPUL$bita$dLDB 100 1 $aChatterjee, Margaret.$0(OLS)http://pul/name/71834 245 10$aLifeworlds and ethics :$bstudies in several keys /$cby Margaret Chatterjee. 260 $aWashington, D.C. :$bCouncil for research in values philosophy,$cc2007. 300 $a179 p. ;$c23 cm. 490 1 $aCultural heritage and contemporary change.$a3B, South Asia ;$v11 490 1 $aIndian philosophical studies ;$v11 504 $aInclude riferimenti bibliografici. 650 4$aFenomenologia.$0(OLS)http://pul/subject/1230 650 4$aEtica.$0(OLS)http://pul/subject/547 650 4$aFilosofia.$0(OLS)http://pul/subject/362 830 0$aIndian philosophical studies ;$v11.$0(OLS)http://pul/title/145508 830 0$aCultural heritage and contemporary change.$n3B,$pSouth Asia ;$v11.$0(OLS)http://pul/title/145509 850 $aPUL 852 $aPUL$W1$xDP2 Filosofia 3$y112$m100 RVP 3.11$j132694$qDDC 21$B131690$CPULBib$Z2$F131690 $H110569 $82 941 1 $a9 996 $6020$a1-56518-233-2$9(OLS)http://pul/number/140781 996 $6020$z978-1-56518-233-2*$9(OLS)http://pul/number/140782 996 $6245$aLifeworlds and ethics :$bstudies in several keys$9(OLS)http://pul/title/145510 996 $6260$aWashington, D.C. :$bCouncil for research in values philosophy$9(OLS)http://pul/publisher/80095 LEADER 01130nam a2200277 a 4500 001 000000140507 003 CaOOAMICUS 005 20141117143911.0 008 141117s1967 it b u000 u ita r 040 $aPUL$bita 100 1 $aChabod, Federico,$d1901-1960.$0(OLS)http://pul/name/37344 245 12$aL'idea di nazione /$cFederico Chabod ; a cura di Armando Saitta ed Ernesto Sestan. 260 $aBari :$bLaterza,$c1967. 300 $a197 p. ;$c18 cm 490 1 $aUniversale Laterza ;$v54 650 14$aNazione$xConcetto.$0(OLS)http://pul/subject/39693 700 1 $aSaitta, Armando,$d1919-$0(OLS)http://pul/name/6194 700 1 $aSestan, Ernesto,$d1898-1986.$0(OLS)http://pul/name/5574 830 0$aUniversale Laterza ;$v54.$0(OLS)http://pul/title/569 850 $aPUL 852 $aPUL$W1$xDP1 Fondo Capitani$y116$m1 A 79.54$j162324$qFondi$B161826$CPULBib$Z2$F161826 $HCap257 $82 941 1 $a1 961 $aNota ms. di possesso: Capitani. 996 $6245$aL'idea di nazione$9(OLS)http://pul/title/177729 996 $6260$aBari :$bLaterza$9(OLS)http://pul/publisher/47895